|
|
|
|
| LEADER |
04367nam a22006495i 4500 |
| 001 |
978-3-319-69182-4 |
| 003 |
DE-He213 |
| 005 |
20210625004154.0 |
| 007 |
cr nn 008mamaa |
| 008 |
171011s2017 gw | s |||| 0|eng d |
| 020 |
|
|
|a 9783319691824
|9 978-3-319-69182-4
|
| 024 |
7 |
|
|a 10.1007/978-3-319-69182-4
|2 doi
|
| 050 |
|
4 |
|a R858-R859.7
|
| 072 |
|
7 |
|a UBH
|2 bicssc
|
| 072 |
|
7 |
|a MED000000
|2 bisacsh
|
| 072 |
|
7 |
|a UBH
|2 thema
|
| 082 |
0 |
4 |
|a 502.85
|2 23
|
| 245 |
1 |
0 |
|a Health Information Science
|h [electronic resource] :
|b 6th International Conference, HIS 2017, Moscow, Russia, October 7-9, 2017, Proceedings /
|c edited by Siuly Siuly, Zhisheng Huang, Uwe Aickelin, Rui Zhou, Hua Wang, Yanchun Zhang, Stanislav Klimenko.
|
| 250 |
|
|
|a 1st ed. 2017.
|
| 264 |
|
1 |
|a Cham :
|b Springer International Publishing :
|b Imprint: Springer,
|c 2017.
|
| 300 |
|
|
|a X, 183 p. 58 illus.
|b online resource.
|
| 336 |
|
|
|a text
|b txt
|2 rdacontent
|
| 337 |
|
|
|a computer
|b c
|2 rdamedia
|
| 338 |
|
|
|a online resource
|b cr
|2 rdacarrier
|
| 347 |
|
|
|a text file
|b PDF
|2 rda
|
| 490 |
1 |
|
|a Information Systems and Applications, incl. Internet/Web, and HCI ;
|v 10594
|
| 520 |
|
|
|a This book constitutes the refereed proceedings of the 6th International Conference on Health Information Science, HIS 2017, held in Moscow, Russia, in October 2017. The 11 full papers and 7 short papers presented were carefully reviewed and selected from 44 submissions. The papers feature multidisciplinary research results in health information science and systems that support health information management and health service delivery. They relate to all aspects of the conference scope, such as medical/health/biomedicine information resources such as patient medical records, devices and equipments, software and tools to capture, store, retrieve, process, analyze, and optimize the use of information in the health domain; data management, data mining, and knowledge discovery, management of public health, examination of standards, privacy and security issues; computer visualization and artificial intelligence for computer aided diagnosis; development of new architectures and applications for health information systems.
|
| 650 |
|
0 |
|a Health informatics.
|
| 650 |
|
0 |
|a Artificial intelligence.
|
| 650 |
|
0 |
|a Data mining.
|
| 650 |
|
0 |
|a Application software.
|
| 650 |
|
0 |
|a Optical data processing.
|
| 650 |
|
0 |
|a Mathematical logic.
|
| 650 |
1 |
4 |
|a Health Informatics.
|0 https://scigraph.springernature.com/ontologies/product-market-codes/I23060
|
| 650 |
2 |
4 |
|a Artificial Intelligence.
|0 https://scigraph.springernature.com/ontologies/product-market-codes/I21000
|
| 650 |
2 |
4 |
|a Data Mining and Knowledge Discovery.
|0 https://scigraph.springernature.com/ontologies/product-market-codes/I18030
|
| 650 |
2 |
4 |
|a Information Systems Applications (incl. Internet).
|0 https://scigraph.springernature.com/ontologies/product-market-codes/I18040
|
| 650 |
2 |
4 |
|a Image Processing and Computer Vision.
|0 https://scigraph.springernature.com/ontologies/product-market-codes/I22021
|
| 650 |
2 |
4 |
|a Mathematical Logic and Formal Languages.
|0 https://scigraph.springernature.com/ontologies/product-market-codes/I16048
|
| 700 |
1 |
|
|a Siuly, Siuly.
|e editor.
|4 edt
|4 http://id.loc.gov/vocabulary/relators/edt
|
| 700 |
1 |
|
|a Huang, Zhisheng.
|e editor.
|4 edt
|4 http://id.loc.gov/vocabulary/relators/edt
|
| 700 |
1 |
|
|a Aickelin, Uwe.
|e editor.
|4 edt
|4 http://id.loc.gov/vocabulary/relators/edt
|
| 700 |
1 |
|
|a Zhou, Rui.
|e editor.
|4 edt
|4 http://id.loc.gov/vocabulary/relators/edt
|
| 700 |
1 |
|
|a Wang, Hua.
|e editor.
|0 (orcid)0000-0002-8465-0996
|1 https://orcid.org/0000-0002-8465-0996
|4 edt
|4 http://id.loc.gov/vocabulary/relators/edt
|
| 700 |
1 |
|
|a Zhang, Yanchun.
|e editor.
|4 edt
|4 http://id.loc.gov/vocabulary/relators/edt
|
| 700 |
1 |
|
|a Klimenko, Stanislav.
|e editor.
|4 edt
|4 http://id.loc.gov/vocabulary/relators/edt
|
| 710 |
2 |
|
|a SpringerLink (Online service)
|
| 773 |
0 |
|
|t Springer Nature eBook
|
| 776 |
0 |
8 |
|i Printed edition:
|z 9783319691817
|
| 776 |
0 |
8 |
|i Printed edition:
|z 9783319691831
|
| 830 |
|
0 |
|a Information Systems and Applications, incl. Internet/Web, and HCI ;
|v 10594
|
| 856 |
4 |
0 |
|u https://doi.org/10.1007/978-3-319-69182-4
|
| 912 |
|
|
|a ZDB-2-SCS
|
| 912 |
|
|
|a ZDB-2-SXCS
|
| 912 |
|
|
|a ZDB-2-LNC
|
| 950 |
|
|
|a Computer Science (SpringerNature-11645)
|
| 950 |
|
|
|a Computer Science (R0) (SpringerNature-43710)
|